000 00610nam a22002297a 4500
999 _c541
_d541
005 20190821091048.0
008 190821b ||||| |||| 00| 0 eng d
020 _a9780241324103
040 _cKH8
082 _aFIC BLA
100 _aBlackman, Malorie
245 _aDouble Cross /
_cMalorie Blackman
260 _aLondon :
_bPenguin Books,
_c2017.
300 _a433 p. ;
_c22 cm.
440 _aNoughts & crosses,
_n4
500 _aFormerly CIP.
650 _a Gangs
_vFiction
650 _a Terrorism
_vFiction
650 _a Suspense fiction
650 _a Young adult fiction
942 _2ddc
_cFIC